000 004660000a22001810004500
041 0 _aENG
082 0 4 _aG 234.8 H7161s
245 1 0 _aA symposium on Scriptural holiness / Wilson T. Hogg, Editor
260 _aChicago, ILL., USA : Free Methodist
300 _a150 Pag1
650 1 4 _aSANTIFICACION
711 2 _a2
001 4267
942 _cBK
999 _c34877
_d34877
336 _atexto
_btxt
_2rdacontent
337 _2rdamedia
_asin mediación
_bn
338 _2rdacarrier
_avolumen
_bnc